02039nam a2200181 4500999001900000008004100019100003300060245009300093260000900186300001300195520141700208650002801625700002901653773003301682906002401715942001201739952010601751 c510405d510405190816b ||||| |||| 00| 0 eng d aMitchell, Jocelyn Sage98351 aWhat money can't buy: wealth, inequality, and economic satisfaction in the rentier state c2019 ap.75-89. aHow do perceived inequalities in allocation impact citizen satisfaction with state-distributed benefits in rentier societies? Resource-rich rentier regimes are widely theorized to maintain the economic and political satisfaction of subjects through wealth distribution. Yet, while qualitative research in the rentier states of the Arabian Peninsula has identified unequal distribution as a source of discontent, the relative importance of objective versus subjective factors in shaping satisfaction at the individual level has never been systematically evaluated. Here we assess the impacts of inequality on the nexus between wealth and satisfaction among citizens of the richest rentier regime in the world: the state of Qatar. Using original, nationally representative survey data, we test the effects of two separate mechanisms of unequal distribution previously identified in the literature: group-based discrimination, and variation in individual access owing to informal influence. Results show that perceptions of both group- and individual-based inequality dampen satisfaction with state-distributed benefits, irrespective of objective socioeconomic well-being. The findings demonstrate that even in the most affluent of rentier states, economic satisfaction derives not only from absolute quantities of benefits but also from subjective impressions of fairness in the distribution process. - Reproduced. aAuthoritarianism 98352 aGengler, Justin J.98353 aPolitical Research Quarterly aIncome distribution 2ddccAR 00102ddc40709384342aIIPAbIIPAd2019-08-16h72(1), Mar, 2019: p.75-89.pAR120291r2019-08-16yAR